000 00323nam a2200133Ia 4500
100 _aMarcus/M & Minc/ H
942 _cBK
654 _aCoordinate Geometry
245 _aElementary functions & Coordinate Geometry
260 _bHoughton Mifflin Co
_aBoston
_c1969
082 _a510
_bMar
546 _aENGLISH
999 _c18672
_d18672